Miraculous Ladybug de A-Z - Statistiques

Statistiques générales
  • Ce quiz a été pris 253 fois
  • Le résultat moyen est 14 sur 26
Statistiques - réponses
Lettre Réponse % Correct
T : Kwami de la Coccinelle Tikki
87%
N : Mayura sans Duusu Nathalie
84%
Q : Chloe avec Pollen Queen Bee
84%
J : Soeur de Luka Juleka
81%
I : Concept du Kwami du Renard Illusion
75%
F : Kwami du Lapin Fluff
69%
V : Luka avec Sass Vipérion
69%
M : L sans T Marinette
67%
A : Félix avec Duusu Argos
66%
L : M avec T Ladybug
66%
S : Traquemoiselle sans B Sabrina
64%
W : Kwami de la Tortue Wayzz
64%
B : Kwami du Chien Barkk
63%
K : Kwami du Cheval Kaalki
58%
R : Capacité du Miraculous du Chien Rapporte
58%
X : Kwami du Singe Xuppu
57%
D : Kwami du Cochon Daizzi
51%
Z : Kwami de la Chèvre Ziggy
50%
E : Jessica Keynes avec Liiri Eagle
42%
G : Capacité du Miraculous de la Chèvre Genèse
42%
C : Nathaniel avec Z Caprikid
40%
P : Concept du Kwami du Coq Prétention
27%
H : Concept du Renling du Cheval Honneur
14%
O : Type du Bracelet du Serpent Ouroboros
8%
Y : Renling de l'Aigle Ying Ying
8%
U : Faux Jeu-Vidéo où l'on peut joueur les Super-Héros Ultimate Mecha Strike 3
4%
Aucun quiz correspondant
Distribution des résultats
% des personnes avec chaque résultat
Percentile par nombre de réponses
Votre historique - résultats
Vous n’avez pas pris ce quiz